Parki Krajobrazowe w województwach Zach - Pomorskim, Pom, W - M - Statystyki

Ogólne statystyki
  • Ten quiz został rozwiązany 17 razy
  • Średni wynik to 10 z 20
Statystyki odpowiedzi
Hint Odpowiedź % Poprawnych
Pomorskie Kaszubski Park Krajobrazowy
85%
Pomorskie Trójmiejski Park Krajobrazowy
85%
Zachodnio - Pomorskie Iński Park Krajobrazowy
77%
Pomorskie Nadmorski Park Krajobrazowy
77%
Wamińsko - Mazurskie Mazurski Park Krajobrazowy
69%
Zachodnio - Pomorskie Szczeciński Park Krajobrazowy
69%
Zachodnio - Pomorskie Drawski Park Krajobrazowy
62%
Pomorskie Wdzydzki Park Krajobrazowy
62%
Zachodnio - Pomorskie Cedyński Park Krajobrazowy
54%
Pomorskie Park Krajobrazowy Mierzeja Wiślana
38%
Wamińsko - Mazurskie Park Krajobrazowy Pojezierza Iławskiego
38%
Wamińsko - Mazurskie Park Krajobrazowy Wysoczyzny Elbląskiej
38%
Wamińsko - Mazurskie Park Krajobrazowy Wzgórz Dylewskich
38%
Wamińsko - Mazurskie Welski Park Krajobrazowy
38%
Pomorskie Zaborski Park Krajobrazowy
38%
Zachodnio - Pomorskie Barlinecki Park Krajobrazowy
31%
Wamińsko - Mazurskie+ Kujawsko - Pomorskie Brodnicki Park Krajobrazowy
31%
Zachodnio - Pomorskie Park Krajobrazowy Dolina Dolnej Odry
31%
Pomorskie Park Krajobrazowy Dolina Słupi
31%
Wamińsko - Mazurskie Park Krajobrazowy Puszczy Rominckiej
23%
Nie znaleziono quizów pasujących do podanych kryteriów
Rozkład punktacji
Procent ludzi z każdym wynikiem
Percentyl według liczby udzielonych odpowiedzi
Twoja historia wyników
Nie rozwiązałeś tego quizu